Almost English (Record no. 63665)
[ view plain ]
| 000 -LEADER | |
|---|---|
| fixed length control field | 01771nam a2200217 a 4500 |
| 008 - FIXED-LENGTH DATA ELEMENTS--GENERAL INFORMATION | |
| fixed length control field | 160928s2013 ||||||||||||||||| || u |
| 010 ## - LIBRARY OF CONGRESS CONTROL NUMBER | |
| LC control number | 2013432036 |
| 020 ## - INTERNATIONAL STANDARD BOOK NUMBER | |
| International Standard Book Number | 9781447219972 |
| 050 ## - LIBRARY OF CONGRESS CALL NUMBER | |
| Classification number | PR 6113.E53A46 |
| 100 ## - MAIN ENTRY--PERSONAL NAME | |
| Personal name | Mendelson, Charlotte |
| 245 10 - TITLE STATEMENT | |
| Title | Almost English |
| Statement of responsibility, etc. | Charlotte Mendelson. |
| 260 ## - PUBLICATION, DISTRIBUTION, ETC. | |
| Place of publication, distribution, etc. | London |
| Name of publisher, distributor, etc. | Mantle |
| Date of publication, distribution, etc. | 2013 |
| 300 ## - PHYSICAL DESCRIPTION | |
| Extent | 390 pages ; 22 cm |
| 350 ## - | |
| -- | 9.54 |
| 500 ## - GENERAL NOTE | |
| General note | Includes glossary and pronunciation. |
| 520 ## - | |
| -- | "In a tiny flat in West London, sixteen-year-old Marina lives with her emotionally delicate mother, Laura, and three ancient Hungarian relatives. Imprisoned by her family's crushing expectations and their fierce unEnglish pride, by their strange traditions and stranger foods, she knows she must escape. But the place she runs to makes her feel even more of an outsider. At Combe Abbey, a traditional English public school for which her family have sacrificed everything, Marina realises she has made a terrible mistake. She is the awkward half-foreign girl who doesn't know how to fit in, flirt or even be. And as a semi-Hungarian Londoner, who is she? In the meantime, her mother Laura, an alien in this strange universe, has her own painful secrets to deal with, especially the return of the last man she'd expect back in her life. She isn't noticing that, at Combe Abbey, things are starting to go terribly wrong."-- Author's website. |
| 650 #0 - SUBJECT ADDED ENTRY--TOPICAL TERM | |
| Topical term or geographic name entry element | Hungarians - England - London - Fiction |
| 995 ## - | |
| -- | FICTION Collection |
| -- | 746856 |
| -- | CBU-SCHOOL OF MEDICINE LIBRARY (Ndola) |
| -- | 9.54 |
| -- | PR 6113.E53A46 |
| -- | 2 |
| -- | AVAILABLE |
| -- | Sep 28, 2016 |
| -- | 746856 |
| -- | Fiction Collection |
| 995 ## - | |
| -- | FICTION Collection |
| -- | 9.54 |
| -- | 746855 |
| -- | CBU-MAIN LIBRARY (Kitwe) |
| -- | PR 6113.E53A46 |
| -- | 1 |
| -- | AVAILABLE |
| -- | Sep 28, 2016 |
| -- | 746855 |
| -- | Fiction Collection |
| 999 ## - | |
| -- | 63665 |
| -- | 63665 |
| Withdrawn status | Lost status | Source of classification or shelving scheme | Damaged status | Not for loan | Permanent Location | Current Location | Shelving location | Date acquired | Total Checkouts | Full call number | Barcode | Date last seen | Date last checked out | Copy number | Price effective from | Koha item type |
|---|---|---|---|---|---|---|---|---|---|---|---|---|---|---|---|---|
| CBU-MAIN LIBRARY, KITWE. | CBU-MAIN LIBRARY, KITWE. | 01/25/2023 | PR 6113.E53A46 | 746855 | 01/25/2023 | 2 | 01/25/2023 | FICTON COLLECTON | ||||||||
| CBU-SCHOOL OF MEDICINE LIBRARY, NDOLA. | CBU-SCHOOL OF MEDICINE LIBRARY, NDOLA. | 01/25/2023 | 2 | PR 6113.E53A46 | 746856 | 06/08/2024 | 06/03/2024 | 1 | 01/25/2023 | FICTON COLLECTON |